| 000 | 00954cam a22002777a 4500 | ||
|---|---|---|---|
| 003 | CHAP | ||
| 005 | 20220329141014.0 | ||
| 008 | 971013s r 00010 d | ||
| 010 | _a61180 | ||
| 011 | _a62152 | ||
| 035 | _a66326 | ||
| 040 | _cCHAP | ||
| 090 | _aR-3572 | ||
| 100 | 0 | 0 |
_aSolorio Ramírez, Daniel. _9108513 |
| 245 | 1 | 3 | _aEl régimen jurídico de la huelga en las universidades públicas, autónomas por ley (una propuesta para modificar la Ley Federal del Trabajo) |
| 500 | _aSobretiro de: Revista de la Educación Superior. México 35(98) 134-140, 1996 | ||
| 590 |
_aBATCH-UPD _b10 _c20130110 _lUCH01 _h0636 |
||
| 590 |
_aBATCH-UPD _b10 _c20130410 _lUCH01 _h0320 |
||
| 590 |
_aBATCH-UPD _b10 _c20130914 _lUCH01 _h1625 |
||
| 590 |
_aCONVERSION _b10 _c20130109 _lUCH01 _h1333 |
||
| 650 | 1 | 4 |
_aHuelgas. _956642 |
| 650 | 1 | 4 |
_aUniversidades _xLeyes. _9116653 |
| 901 | _aBK | ||
| 942 | _cREIMP | ||
| 949 |
_aR-3572 _bBC _cR _d-151501 _eTS1 _i66326 _si |
||
| 999 |
_c61180 _d61180 |
||